Immunology: With STUDENT CONSULT Online Access (Record no. 400)

000 -LEADER
fixed length control field 01141nam a22003857a 4500
001 - CONTROL NUMBER
control field lxl8cs5tjz6jnj0k
003 - CONTROL NUMBER IDENTIFIER
control field LIBRIS
005 - DATE AND TIME OF LATEST TRANSACTION
control field 20211026131152.0
007 - PHYSICAL DESCRIPTION FIXED FIELD--GENERAL INFORMATION
fixed length control field cr ||| |||||
008 - FIXED-LENGTH DATA ELEMENTS--GENERAL INFORMATION
fixed length control field 191218s2013 xx |||||o|||||000 0|und|d
020 ## - INTERNATIONAL STANDARD BOOK NUMBER
International Standard Book Number 0323080588 (Print)
020 ## - INTERNATIONAL STANDARD BOOK NUMBER
Canceled/invalid ISBN 9780323080583 (Print)
035 ## - SYSTEM CONTROL NUMBER
System control number (WaSeSS)ssj0000737836
035 ## - SYSTEM CONTROL NUMBER
System control number (WaSeSS)ssj0000737836
040 ## - CATALOGING SOURCE
Original cataloging agency SEK
Description conventions eng
Transcribing agency DLC
041 ## - LANGUAGE CODE
Language code of text/sound track or separate title eng
080 ## - UNIVERSAL DECIMAL CLASSIFICATION NUMBER
Universal Decimal Classification number 616-097
Item number I-55
100 1# - MAIN ENTRY--PERSONAL NAME
Personal name Male, David K.
245 10 - TITLE STATEMENT
Title Immunology: With STUDENT CONSULT Online Access
250 ## - EDITION STATEMENT
Edition statement 8th edition
260 ## - PUBLICATION, DISTRIBUTION, ETC.
Place of publication, distribution, etc. China
Name of publisher, distributor, etc. Elsevier
Date of publication, distribution, etc. 2013
264 #1 - PRODUCTION, PUBLICATION, DISTRIBUTION, MANUFACTURE, AND COPYRIGHT NOTICE
Date of production, publication, distribution, manufacture, or copyright notice 2013
300 ## - PHYSICAL DESCRIPTION
Extent 472 p.
Other physical details ill
365 ## - TRADE PRICE
Price amount 50.88 usd
650 #4 - SUBJECT ADDED ENTRY--TOPICAL TERM
Topical term or geographic name entry element Microbiology & Immunology
653 ## - INDEX TERM--UNCONTROLLED
Uncontrolled term იმუნოლოგია
653 ## - INDEX TERM--UNCONTROLLED
Uncontrolled term მიკრობიოლოგია
700 ## - ADDED ENTRY--PERSONAL NAME
9 (RLIN) 299
Personal name Brostoff, Jonathan
700 ## - ADDED ENTRY--PERSONAL NAME
9 (RLIN) 300
Personal name Roth, B. David
700 ## - ADDED ENTRY--PERSONAL NAME
9 (RLIN) 301
Personal name Roitt, M. Ivan
776 08 - ADDITIONAL PHYSICAL FORM ENTRY
Relationship information Print
Title Immunology: With STUDENT CONSULT Online Access
International Standard Book Number 0323080588
-- 9780323080583
942 ## - ADDED ENTRY ELEMENTS (KOHA)
Source of classification or shelving scheme
Koha item type Books
Edition 8
Holdings
Withdrawn status Lost status Source of classification or shelving scheme Damaged status Not for loan Permanent location Current location Date acquired Inventory number Total Checkouts Full call number Barcode Date last seen Date last checked out Price effective from Koha item type
          Ken Walker International University Ken Walker International University 11/24/2020 1079 1 616-097 I-55 1079 07/05/2024 03/05/2024 11/24/2020 Books

Powered by Koha